=LDR 00000nam 2200000 4500 =001 INLIS000000000014330 =005 20130612105616 =008 ***********************************Ind** =035 ##$$0010-061300000014330 =041 ##$$a Ind =082 ##$$a 616.5 =090 ##$$a 616.5, ani f =100 ##$$a Anief, Moh =245 ##$$a Formulasi obat topikal dengan dasar penyakit kulit, Moh. Anief =260 ##$$a 2002 $b Yogyakarta =300 ##$$a viii, 87 hlm, 20,5 cm =650 ##$$a Kulit - Penyakit =850 ##$$a NBPNMAT